[Event "Reinstorf op"]
[Site "Reinstorf"]
[Date "2022.01.31"]
[Round "3"]
[White "Reichmann, Hendrik"]
[Black "Wronn, Bernd"]
[Result "1-0"]
[WhiteElo "2338"]
[BlackElo "2178"]
[PlyCount "69"]
[EventDate "2022.01.29"]
[EventType "swiss"]
[EventRounds "9"]
[EventCountry "GER"]
[SourceTitle "CBM 206 Extra"]
[Source "ChessBase"]
[SourceDate "2022.03.31"]
[SourceVersion "1"]
[SourceVersionDate "2022.03.31"]
[SourceQuality "1"]

1. d4 d5 2. Nf3 Nf6 3. Bf4 c5 4. e3 Nc6 5. c3 Qb6 6. Qb3 c4 7. Qc2 Bf5 8. Qc1 e6 9. Nbd2 Qd8 10. Nh4 Bg6 11. Nxg6 hxg6 12. h3 b5 13. Be2 Bd6 14. a4 b4 15. Bxd6 Qxd6 16. b3 cxb3 17. c4 dxc4 18. Nxc4 Qc7 19. Ne5 b2 20. Qxb2 Nxe5 21. dxe5 Nd5 22. Bb5+ Ke7 23. Rc1 Qa5 24. e4 Nc7 25. Rxc7+ Qxc7 26. Qxb4+ Kd8 27. 0-0 a5 28. Rd1+ Kc8 29. Qb2 Qb6 30. Rd6 Qb7 31. Qc3+ Kb8 32. Qd4 Qe7 33. Rd7 Qb4 34. Qb6+ Kc8 35. Qc7# 1-0

[Event "GER-ch Net Amateur Gr-A Vor1"]
[Site "Playchess.com INT"]
[Date "2020.04.14"]
[Round "1"]
[White "Noldt, Torsten"]
[Black "Wronn, Bernd"]
[Result "0-1"]
[WhiteElo "1678"]
[BlackElo "2000"]
[PlyCount "36"]
[EventDate "2020.04.14"]
[EventType "swiss (blitz)"]
[EventRounds "9"]
[EventCountry "GER"]
[SourceTitle "EXT 2021"]
[Source "ChessBase"]
[SourceDate "2020.10.23"]
[SourceVersion "1"]
[SourceVersionDate "2020.10.23"]
[SourceQuality "1"]

1. Nf3 Nf6 2. c4 c5 3. g3 d5 4. cxd5 Nxd5 5. Nc3 Nc6 6. Bg2 Nc7 7. 0-0 e5 8. d3 f6 9. Be3 Be6 10. Rc1 Qd7 11. Na4 b6 12. a3 Rc8 13. b4 cxb4 14. axb4 Nd5 15. b5 Ncb4 16. Bd2 Rxc1 17. Qxc1 Qxb5 18. Qc8+ Bxc8 0-1

[Event "GER-ch Net Amateur Gr-A Vor1"]
[Site "Playchess.com INT"]
[Date "2020.04.14"]
[Round "2"]
[White "Reich, Elisabeth"]
[Black "Wronn, Bernd"]
[Result "0-1"]
[WhiteElo "1620"]
[BlackElo "2000"]
[PlyCount "74"]
[EventDate "2020.04.14"]
[EventType "swiss (blitz)"]
[EventRounds "9"]
[EventCountry "GER"]
[SourceTitle "EXT 2021"]
[Source "ChessBase"]
[SourceDate "2020.10.23"]
[SourceVersion "1"]
[SourceVersionDate "2020.10.23"]
[SourceQuality "1"]

1. e4 c6 2. d3 d5 3. exd5 cxd5 4. Nf3 Nc6 5. Nbd2 Bg4 6. g3 e6 7. Bg2 Nf6 8. 0-0 Be7 9. c3 0-0 10. d4 Rb8 11. Qc2 Rc8 12. Nb3 b5 13. Bf4 b4 14. Rfe1 a5 15. Nbd2 bxc3 16. bxc3 Nb4 17. Qc1 Nd3 18. Qc2 Nxe1 19. Rxe1 Bf5 20. Qc1 Ne4 21. Nxe4 Bxe4 22. c4 Rxc4 23. Qd2 Rc2 24. Qd1 Rxa2 25. Qb3 Ra3 26. Qb2 Bxf3 27. Bxf3 Rxf3 28. Be3 Bb4 29. Rd1 h5 30. Qe2 Rf5 31. g4 hxg4 32. Qxg4 g6 33. Bh6 Rh5 34. Qf4 Bd6 35. Qe3 Bxh2+ 36. Kf1 Re8 37. Rb1 Qh4 0-1

[Event "Lueneburg op-A"]
[Site "Lueneburg"]
[Date "2019.08.11"]
[Round "9"]
[White "Koellner, Aaron Noah"]
[Black "Wronn, Bernd"]
[Result "0-1"]
[WhiteElo "1990"]
[BlackElo "2128"]
[PlyCount "63"]
[EventDate "2019.08.03"]
[EventType "swiss"]
[EventRounds "9"]
[EventCountry "GER"]
[SourceTitle "CBM 191 Extra"]
[Source "ChessBase"]
[SourceDate "2019.09.30"]
[SourceVersion "1"]
[SourceVersionDate "2019.09.30"]
[SourceQuality "1"]

1. d4 d5 2. c4 e6 3. Nc3 Nf6 4. cxd5 exd5 5. Qc2 c6 6. Bg5 Be7 7. e3 h6 8. Bh4 0-0 9. Bd3 Re8 10. Nf3 Nbd7 11. Bg3 Nf8 12. 0-0 Bd6 13. Rab1 a5 14. a3 Ne6 15. b4 Ng5 16. Ne5 Qe7 17. Qb3 axb4 18. axb4 Nh5 19. Nf3 Nxf3+ 20. gxf3 Nxg3 21. hxg3 Bxg3 22. fxg3 Qxe3+ 23. Kg2 Qxd3 24. Rbd1 Re2+ 25. Rf2 Rxf2+ 26. Kxf2 Qf5 27. b5 Qh3 28. bxc6 Qh2+ 29. Ke3 bxc6 30. Qb6 Bd7 31. Qc7 Re8+ 32. Kf4 0-1

[Event "Lueneburg op-A"]
[Site "Lueneburg"]
[Date "2017.07.11"]
[Round "4"]
[White "Wronn, Bernd"]
[Black "Bosselmann, Tom Linus"]
[Result "0-1"]
[WhiteElo "2137"]
[BlackElo "1966"]
[PlyCount "86"]
[EventDate "2017.07.08"]
[EventType "swiss"]
[EventRounds "9"]
[EventCountry "GER"]
[SourceTitle "CBM 179 Extra"]
[Source "ChessBase"]
[SourceDate "2017.08.23"]
[SourceVersion "1"]
[SourceVersionDate "2017.08.23"]
[SourceQuality "1"]

1. Nf3 Nf6 2. c4 g6 3. Nc3 Bg7 4. e4 d6 5. d4 Nbd7 6. Be2 0-0 7. 0-0 e5 8. Qc2 c6 9. Rd1 Qe7 10. Be3 Ng4 11. Bg5 f6 12. Bd2 f5 13. exf5 gxf5 14. dxe5 Ngxe5 15. Re1 Nb6 16. c5 dxc5 17. Nxe5 Bxe5 18. Bf4 Bxf4 19. Bc4+ Be6 20. Bxe6+ Kh8 21. Bxf5 Qf7 22. Bh3 Rad8 23. Rad1 Rfe8 24. Ne4 Rxd1 25. Rxd1 Qg6 26. f3 Nd5 27. Kh1 Be3 28. Qb3 b6 29. Bd7 Rd8 30. Bh3 Bd4 31. Ng3 Re8 32. Bf5 Qf6 33. Be4 Ne3 34. Re1 c4 35. Qa4 b5 36. Qa6 Nd5 37. Qb7 Qh4 38. Rd1 Be5 39. Qxc6 Nf6 40. Nf1 Qh5 41. Qxb5 Nxe4 42. fxe4 Rf8 43. g3 Qf3+ 0-1

[Event "Bargteheide op"]
[Site "Bargteheide"]
[Date "2012.05.20"]
[Round "7"]
[White "Wronn, Bernd"]
[Black "Hoefelsauer, Thomas"]
[Result "0-1"]
[WhiteElo "2163"]
[BlackElo "2218"]
[PlyCount "92"]
[EventDate "2012.05.17"]
[EventType "swiss"]
[EventRounds "7"]
[EventCountry "GER"]
[SourceTitle "CBM 148 Extra"]
[Source "ChessBase"]
[SourceDate "2012.06.22"]
[SourceVersion "1"]
[SourceVersionDate "2012.06.22"]
[SourceQuality "1"]

1. e4 c6 2. d4 d5 3. e5 c5 4. dxc5 Nc6 5. Nf3 Bg4 6. Bb5 Qa5+ 7. Nc3 e6 8. Be3 Nge7 9. a3 0-0-0 10. b4 Bxf3 11. gxf3 Qc7 12. Bxc6 Nxc6 13. Bd4 a6 14. f4 g5 15. fxg5 h6 16. g6 fxg6 17. Qg4 Nxd4 18. Qxd4 Bg7 19. f4 g5 20. 0-0 Rhf8 21. Rae1 Rf5 22. b5 gxf4 23. c6 bxc6 24. b6 Bxe5 25. b7+ Kb8 26. Qd3 f3 27. Rxf3 Rxf3 28. Qxf3 Qg7+ 29. Kh1 Bxc3 30. Rxe6 Rg8 31. Qf1 Bd4 32. Re1 Kxb7 33. h3 Qg1+ 34. Qxg1 Rxg1+ 35. Rxg1 Bxg1 36. Kxg1 Kb6 37. Kf2 Kb5 38. Ke3 Kc4 39. Kd2 d4 40. h4 h5 41. Kd1 Kc3 42. Kc1 a5 43. Kb1 a4 44. Kc1 d3 45. Kd1 dxc2+ 46. Kc1 Kb3 0-1

[Event "Hamburg St Pauli op-A"]
[Site "Hamburg"]
[Date "2011.07.12"]
[Round "5"]
[White "Wronn, Bernd"]
[Black "Sechting, Martin"]
[Result "1-0"]
[WhiteElo "2196"]
[BlackElo "2088"]
[PlyCount "65"]
[EventDate "2011.07.09"]
[EventType "swiss"]
[EventRounds "9"]
[EventCountry "GER"]
[SourceTitle "CBM 143 Extra"]
[Source "ChessBase"]
[SourceDate "2011.08.29"]
[SourceVersion "1"]
[SourceVersionDate "2011.08.29"]
[SourceQuality "1"]

1. Nf3 Nf6 2. c4 e6 3. g3 d5 4. Bg2 Be7 5. 0-0 0-0 6. d4 c5 7. cxd5 Nxd5 8. e4 Nf6 9. e5 Nd5 10. Nc3 Nc6 11. Nxd5 exd5 12. dxc5 Bxc5 13. Qc2 Bb6 14. Rd1 Bg4 15. Ng5 g6 16. Rxd5 Qe7 17. Qa4 Nxe5 18. Bf4 f6 19. Bxe5 Bxf2+ 20. Kh1 fxe5 21. Qxg4 Rf5 22. Ne4 Bd4 23. Rd1 Qe6 24. Qh4 Raf8 25. Rd8 Rxd8 26. Qxd8+ Rf8 27. Qh4 Qa6 28. Ng5 h5 29. Qe4 Rf5 30. Qd5+ Kh8 31. Qd8+ Kg7 32. Qe7+ Kh6 33. h4 1-0

[Event "Hamburg St Pauli op-A"]
[Site "Hamburg"]
[Date "2011.07.09"]
[Round "1"]
[White "Wronn, Bernd"]
[Black "Wenzel, Birger"]
[Result "1/2-1/2"]
[WhiteElo "2196"]
[BlackElo "2019"]
[PlyCount "47"]
[EventDate "2011.07.09"]
[EventType "swiss"]
[EventRounds "9"]
[EventCountry "GER"]
[SourceTitle "CBM 143 Extra"]
[Source "ChessBase"]
[SourceDate "2011.08.29"]
[SourceVersion "1"]
[SourceVersionDate "2011.08.29"]
[SourceQuality "1"]

1. Nf3 Nf6 2. c4 c5 3. d4 cxd4 4. Nxd4 e6 5. Nc3 Bb4 6. Bd2 Nc6 7. Nc2 Bc5 8. e3 d5 9. cxd5 exd5 10. Rc1 0-0 11. Be2 d4 12. Nxd4 Nxd4 13. exd4 Qxd4 14. 0-0 a6 15. Bf3 Bg4 16. Ne2 Qd6 17. Bf4 Qxd1 18. Rfxd1 Bxf3 19. gxf3 Rac8 20. Ng3 Rfe8 21. Nf5 Bf8 22. Bg5 Rxc1 23. Rxc1 Nd5 24. Ng3 1/2-1/2

[Event "Bargteheide op"]
[Site "Bargteheide"]
[Date "2011.06.03"]
[Round "3"]
[White "Buecker, Thomas"]
[Black "Wronn, Bernd"]
[Result "0-1"]
[WhiteElo "1895"]
[BlackElo "2203"]
[PlyCount "68"]
[EventDate "2011.06.02"]
[EventType "swiss"]
[EventRounds "7"]
[EventCountry "GER"]
[SourceTitle "CBM 142 Extra"]
[Source "ChessBase"]
[SourceDate "2011.06.27"]
[SourceVersion "1"]
[SourceVersionDate "2011.06.27"]
[SourceQuality "1"]

1. Nf3 Nf6 2. g3 c5 3. Bg2 Nc6 4. 0-0 e5 5. d3 d5 6. Nbd2 Be7 7. e4 0-0 8. exd5 Nxd5 9. Re1 f6 10. Nf1 Be6 11. Ne3 Nc7 12. b3 Qd7 13. Qe2 Rac8 14. Bb2 b6 15. Rad1 Rfe8 16. a3 Bf8 17. Qf1 b5 18. c4 Nd4 19. Nxd4 cxd4 20. Nc2 bxc4 21. dxc4 Rb8 22. Qd3 Na6 23. b4 Qf7 24. Bf1 Nc5 25. bxc5 Rxb2 26. Rb1 Rxb1 27. Rxb1 Bxc5 28. Rb5 Rc8 29. Qb3 Bb6 30. Nb4 Bxc4 31. Bxc4 Qxc4 32. Nd5 Qxb3 33. Rxb3 Kf7 34. Nxb6 Rb8 0-1

[Event "Bargteheide op"]
[Site "Bargteheide"]
[Date "2011.06.03"]
[Round "4"]
[White "Wronn, Bernd"]
[Black "Schatz, Walter"]
[Result "1/2-1/2"]
[WhiteElo "2203"]
[BlackElo "2261"]
[PlyCount "105"]
[EventDate "2011.06.02"]
[EventType "swiss"]
[EventRounds "7"]
[EventCountry "GER"]
[SourceTitle "CBM 142 Extra"]
[Source "ChessBase"]
[SourceDate "2011.06.27"]
[SourceVersion "1"]
[SourceVersionDate "2011.06.27"]
[SourceQuality "1"]

1. Nf3 g6 2. c4 Bg7 3. d4 c5 4. e4 cxd4 5. Nxd4 Nc6 6. Nc2 Nf6 7. Nc3 0-0 8. Be3 d6 9. f3 Be6 10. Qd2 Nd7 11. Rc1 Qa5 12. Nd4 Nxd4 13. Bxd4 Bxd4 14. Qxd4 Rfc8 15. Be2 a6 16. 0-0 Qb4 17. b3 b5 18. Rfd1 bxc4 19. Bxc4 Rc7 20. Nd5 Bxd5 21. Qxd5 Qc5+ 22. Qxc5 Rxc5 23. b4 Rcc8 24. Bd5 Rab8 25. a3 Kf8 26. Rxc8+ Rxc8 27. Bb7 Rc3 28. a4 Nb8 29. e5 Rc7 30. Be4 Rc4 31. exd6 exd6 32. Rb1 Rd4 33. Bb7 Ke7 34. a5 Kd7 35. Be4 d5 36. Bc2 Nc6 37. b5 axb5 38. Rxb5 Kd6 39. a6 Rd2 40. Bb3 f5 41. Kf1 d4 42. Rb7 Rb2 43. Bg8 Rxb7 44. axb7 Kc7 45. Bxh7 Ne7 46. h4 Kxb7 47. g4 fxg4 48. fxg4 Kc6 49. h5 gxh5 50. gxh5 Kd6 51. h6 Ke6 52. Bg8+ Kf6 53. Ke2 1/2-1/2